SAINS TAHUN 4. (Record no. 141942)
[ view plain ]
| 000 -LEADER | |
|---|---|
| fixed length control field | 01250aam a2200385 i 4500 |
| 001 - CONTROL NUMBER | |
| control field | vtls000846680 |
| 003 - CONTROL NUMBER IDENTIFIER | |
| control field | PNM |
| 005 - DATE AND TIME OF LATEST TRANSACTION | |
| control field | 20180728150025.0 |
| 007 - PHYSICAL DESCRIPTION FIXED FIELD--GENERAL INFORMATION | |
| fixed length control field | fb u u a |
| 008 - FIXED-LENGTH DATA ELEMENTS--GENERAL INFORMATION | |
| fixed length control field | 180208s2013 my ff 000 0 may d |
| 020 ## - INTERNATIONAL STANDARD BOOK NUMBER | |
| Qualifying information | paperback |
| 039 #9 - LEVEL OF BIBLIOGRAPHIC CONTROL AND CODING DETAIL [OBSOLETE] | |
| Level of rules in bibliographic description | 201803011540 |
| Level of effort used to assign nonsubject heading access points | irfah |
| Level of effort used to assign subject headings | 201803011450 |
| Level of effort used to assign classification | azeantie |
| 040 ## - CATALOGING SOURCE | |
| Original cataloging agency | PNM |
| Language of cataloging | eng |
| Transcribing agency | PNM |
| Description conventions | rda |
| Modifying agency | PPAK |
| 082 04 - DEWEY DECIMAL CLASSIFICATION NUMBER | |
| Classification number | 507.6 |
| Edition number | 23 |
| 090 00 - LOCALLY ASSIGNED LC-TYPE CALL NUMBER (OCLC); LOCAL CALL NUMBER (RLIN) | |
| Classification number (OCLC) (R) ; Classification number, CALL (RLIN) (NR) | 507.6 |
| Feature heading | SOP |
| Feature heading | RKOKU |
| 100 0# - MAIN ENTRY--PERSONAL NAME | |
| Personal name | Sopia Md Yassin, |
| Relator term | author. |
| 245 10 - TITLE STATEMENT | |
| Title | SAINS TAHUN 4. |
| Number of part/section of a work | JILID 1/5 - 5/5 / |
| Statement of responsibility, etc. | Sopia Md Yassin, Aseelawati Md Shah, Amir Hamzah Suleiman |
| 264 #1 - PRODUCTION, PUBLICATION, DISTRIBUTION, MANUFACTURE, AND COPYRIGHT NOTICE | |
| Place of production, publication, distribution, manufacture | Kuala Lumpur : |
| Name of producer, publisher, distributor, manufacturer | Dewan Bahasa dan Pustaka, |
| Date of production, publication, distribution, manufacture, or copyright notice | 2013 |
| 300 ## - PHYSICAL DESCRIPTION | |
| Extent | 5 volumes (unpaged) ; |
| Dimensions | 30 cm |
| 336 ## - CONTENT TYPE | |
| Content type term | tactile text |
| Source | rdacontent |
| 337 ## - MEDIA TYPE | |
| Media type term | unmediated |
| Source | rdamedia |
| 338 ## - CARRIER TYPE | |
| Carrier type term | volume |
| Source | rdacarrier |
| 500 ## - GENERAL NOTE | |
| General note | The book has been place it at OKU ROOM PPAK Alor Setar |
| General note | Year 4 |
| General note | Includes questions and answers |
| 521 #1 - TARGET AUDIENCE NOTE | |
| Target audience note | Primary school |
| 546 ## - LANGUAGE NOTE | |
| Language note | Malay |
| Information code or alphabet | braille |
| 650 10 - SUBJECT ADDED ENTRY--TOPICAL TERM | |
| Topical term or geographic name entry element | Science |
| Form subdivision | Problems, exercises, etc. |
| Topical term or geographic name entry element | Science |
| Form subdivision | Textbooks |
| Topical term or geographic name entry element | Braille books |
| Topical term or geographic name entry element | Government publications -- Malaysia |
| 700 0# - ADDED ENTRY--PERSONAL NAME | |
| Personal name | Aseelawati Md Shah, |
| Relator term | author. |
| Personal name | Amir Hamzah Suleiman, |
| Relator term | author. |
| 942 ## - ADDED ENTRY ELEMENTS (KOHA) | |
| Source of classification or shelving scheme | Dewey Decimal Classification |
| Koha item type | Book |
| Withdrawn | Materials specified (bound volume or other part) | Not for loan | Current library | Shelving location | Date acquired | Serial Enumeration / chronology | Full call number | Barcode | Date last seen | Koha item type |
|---|---|---|---|---|---|---|---|---|---|---|
| bound | Not For Loan | Perpustakaan Alor Setar | Rujukan Kanak-kanak OKU | 08/04/2018 | Jilid 1/5 | RKOKU 507.6 SOP | A01556749 | 08/04/2018 | Book | |
| bound | Not For Loan | Perpustakaan Alor Setar | Rujukan Kanak-kanak OKU | 08/04/2018 | Jilid 2/5 | RKOKU 507.6 SOP | A01556750 | 08/04/2018 | Book | |
| bound | Not For Loan | Perpustakaan Alor Setar | Rujukan Kanak-kanak OKU | 08/04/2018 | Jilid 3/5 | RKOKU 507.6 SOP | A01556751 | 08/04/2018 | Book | |
| bound | Not For Loan | Perpustakaan Alor Setar | Rujukan Kanak-kanak OKU | 08/04/2018 | Jilid 4/5 | RKOKU 507.6 SOP | A01556752 | 08/04/2018 | Book | |
| bound | Not For Loan | Perpustakaan Alor Setar | Rujukan Kanak-kanak OKU | 08/04/2018 | Jilid 5/5 | RKOKU 507.6 SOP | A01556753 | 08/04/2018 | Book |